[Event "EuTCh"]
[Site "Leon ESP"]
[Date "2001.11.07"]
[Round "2"]
[White "Fressinet,L"]
[Black "Petrov,M"]
[Result "1-0"]
[WhiteElo "2588"]
[BlackElo "2451"]
[EventDate "2001.11.06"]

1. e4 e6 2. d4 d5 3. Nc3 Nf6 4. Bg5 Bb4 5. exd5 Qxd5 6. Bxf6 gxf6 7. Qd2
Bxc3 8. Qxc3 Nc6 9. Nf3 Bd7 10. Bc4 Qa5 11. Qxa5 Nxa5 12. Be2 Rg8 13. g3
Bc6 14. O-O-O O-O-O 15. Rhe1 Nc4 16. c3 Nd6 17. Nd2 Ne4 18. Nxe4 Bxe4 19.
Bd3 Bxd3 20. Rxd3 h5 21. Re4 Rg4 22. f3 Rg5 23. Rf4 Rg6 24. Kd2 Kd7 25. d5
Ke7 26. Ra4 a6 27. Rc4 Rd7 28. Rxc7 Rxc7 29. d6+ Kd7 30. dxc7+ Kxc7 31. Rd4
b5 32. c4 Kc6 33. Kc3 Rg5 34. Rf4 Rg6 35. b4 bxc4 36. Kxc4 Kb6 37. a4 Kc6
38. Kd3 Kb6 39. Rd4 Kc7 40. Rc4+ Kb7 41. Rc5 Rh6 42. Ke3 Rh8 43. Rc4 Rg8
44. Rf4 Rg6 45. Kf2 Kc6 46. Rc4+ Kb7 47. Rc5 Rh6 48. Kg2 Rh8 49. Kh3 Kb6
50. Kh4 e5 51. a5+ Kb7 52. b5 axb5 53. Rxb5+ Kc7 54. Rb6 Rh6 55. Rb2 Rh8
56. a6 Ra8 57. Ra2 f5 58. Kxh5 Kd6 59. Kh6 e4 60. fxe4 fxe4 61. Kg7 f5 62.
h4 Ke5 63. h5 Ra7+ 64. Kg6 e3 65. h6 f4 66. h7 Ra8 67. gxf4+ Kxf4 68. a7
Kf3 69. Kg7 e2 70. h8=Q 1-0

[Event "EuTCh"]
[Site "Leon ESP"]
[Date "2001.11.07"]
[Round "2"]
[White "Sermek,D"]
[Black "Agrest,E"]
[Result "1/2-1/2"]
[WhiteElo "2577"]
[BlackElo "2563"]
[EventDate "2001.11.06"]

1. e4 d6 2. d4 g6 3. Nc3 Bg7 4. Bg5 Nd7 5. Qd2 a6 6. f4 c5 7. Nf3 cxd4 8.
Nxd4 Ngf6 9. O-O-O O-O 10. Be2 Nc5 11. Bf3 h6 12. Bh4 e5 13. Nb3 Ncxe4 14.
Bxe4 Nxe4 15. Qe1 g5 16. Nxe4 gxh4 17. Qf2 exf4 18. Qxf4 d5 19. Rhf1 f5 20.
Nc3 Qg5 21. Nxd5 Be5 22. Qxg5+ hxg5 23. Nb6 Rb8 24. Nc5 Bxh2 25. Ncd7 Bxd7
26. Nxd7 Bf4+ 27. Rxf4 gxf4 28. Nxb8 Rxb8 29. Rh1 Re8 30. Rxh4 Re4 31. Rh5
Re5 32. Rh4 Re4 33. Rh5 Re5 1/2-1/2

[Event "EuTCh"]
[Site "Leon ESP"]
[Date "2001.11.07"]
[Round "2"]
[White "Kozul,Z"]
[Black "Adams,Mi"]
[Result "1/2-1/2"]
[WhiteElo "2569"]
[BlackElo "2731"]
[EventDate "2001.11.06"]

1. d4 Nf6 2. Nf3 e6 3. c4 b6 4. Nc3 Bb4 5. Qc2 Bb7 6. a3 Bxc3+ 7. Qxc3 d6
8. e3 Nbd7 9. Be2 a5 10. b3 Ne4 11. Qc2 O-O 12. Bb2 f5 13. Rd1 Ng5 14. d5
Nxf3+ 15. gxf3 e5 16. h4 f4 17. Kd2 Qf6 18. Kc1 Nc5 19. Kb1 Qh6 20. Rdg1 c6
21. exf4 Qxf4 22. Bc1 Qf5 23. Bh6 Qxc2+ 24. Kxc2 Rf7 25. dxc6 Bxc6 26. Rg3
d5 27. Rhg1 Raa7 28. cxd5 Bxd5 29. Bc4 Bxc4 30. bxc4 Ne6 31. Be3 Rac7 32.
Rb1 Rxc4+ 33. Kd3 Ra4 34. Rxb6 Rxa3+ 35. Ke4 Re7 36. h5 Ra4+ 37. Kd5 Kf7
38. h6 g6 39. Rg1 Nf4+ 40. Kc5 Ra2 41. Bxf4 exf4 42. Rg4 Rc2+ 43. Kd4 Rd7+
44. Ke5 Rc4 45. Rf6+ Ke7 46. Ra6 Rc5+ 1/2-1/2

[Event "EuTCh"]
[Site "Leon ESP"]
[Date "2001.11.07"]
[Round "2"]
[White "Gashimov,V"]
[Black "Baklan,V"]
[Result "0-1"]
[WhiteElo "2442"]
[BlackElo "2590"]
[EventDate "2001.11.06"]

1. e4 e6 2. d4 d5 3. Nc3 Nf6 4. Bg5 Bb4 5. e5 h6 6. Bd2 Bxc3 7. Bxc3 Ne4 8.
Bb4 c5 9. Bxc5 Nxc5 10. dxc5 Qc7 11. Nf3 Nd7 12. Qd4 Qxc5 13. O-O-O Qxd4
14. Rxd4 Ke7 15. Rg4 Rg8 16. Bd3 Nc5 17. Nd4 Bd7 18. Re1 Nxd3+ 19. cxd3
Raf8 20. Rg3 f6 21. exf6+ Rxf6 22. Nf3 g5 23. Re2 Rgf8 24. Kd2 Be8 25. h4
gxh4 26. Rg7+ Kd6 27. Nxh4 Rxf2 28. Rxb7 R2f7 29. Rxf7 Rxf7 30. Nf3 Rg7 31.
Nd4 Bd7 32. Nf3 Be8 33. Nd4 Bd7 34. Nf3 Rg3 35. d4 Be8 36. Ne5 Bg6 37. Rf2
Bf5 38. Nf7+ Ke7 39. Nxh6 Bg6 40. Ng8+ Kd6 41. Ke1 Rg4 42. Rd2 Rh4 43. Nf6
Ke7 44. Rf2 Rxd4 45. b3 Rh4 46. Ng8+ Kd6 47. Rf8 Rh1+ 48. Kf2 d4 49. b4 Ra1
50. Rd8+ Ke5 51. g4 Rxa2+ 52. Kg3 d3 53. Ne7 Be4 54. b5 Rg2+ 55. Kh3 Rg1
56. Nc6+ Kf4 57. Rf8+ Ke3 58. Ne5 Bd5 59. Nxd3 Kxd3 60. Rf7 Kc4 61. Rxa7
Kxb5 62. Kh4 Bf3 63. Rg7 Rxg4+ 64. Rxg4 Bxg4 65. Kxg4 Kc4 0-1

[Event "EuTCh"]
[Site "Leon ESP"]
[Date "2001.11.07"]
[Round "2"]
[White "Sturua,Z"]
[Black "Papaioannou,I"]
[Result "1/2-1/2"]
[WhiteElo "2571"]
[BlackElo "2591"]
[EventDate "2001.11.06"]

1. d4 Nf6 2. c4 e6 3. Nc3 Bb4 4. e3 c5 5. Nge2 cxd4 6. exd4 d5 7. a3 Be7 8.
Nf4 O-O 9. cxd5 Nxd5 10. Ncxd5 exd5 11. Bd3 Nc6 12. O-O Bf6 13. Be3 g6 14.
Rc1 Bg7 15. Rc5 Be6 16. Bb1 Qd6 17. Qd2 b6 18. Rc3 Rac8 19. Rfc1 Na5 20.
Nxe6 Qxe6 21. b3 Nc6 22. h3 h5 23. Qd1 Ne7 24. Bd3 Rxc3 25. Rxc3 Rc8 26.
Qc2 Rc6 27. b4 Rxc3 28. Qxc3 1/2-1/2

[Event "EuTCh"]
[Site "Leon ESP"]
[Date "2001.11.07"]
[Round "2"]
[White "Miladinovic,I"]
[Black "Kacheishvili,G"]
[Result "0-1"]
[WhiteElo "2495"]
[BlackElo "2583"]
[EventDate "2001.11.06"]

1. d4 e6 2. e4 d5 3. Nc3 Nf6 4. e5 Nfd7 5. f4 c5 6. Nf3 Nc6 7. Be3 Qb6 8.
a3 a6 9. Be2 cxd4 10. Nxd4 Nxd4 11. Bxd4 Bc5 12. Na4 Qa5+ 13. c3 Bxd4 14.
Qxd4 Qc7 15. b4 O-O 16. O-O b6 17. Nb2 Bb7 18. c4 Rfc8 19. Rac1 a5 20. Bf3
axb4 21. axb4 Ra2 22. h3 Nf8 23. Ra1 Rca8 24. Rxa2 Rxa2 25. Rf2 Ng6 26.
cxd5 Bxd5 27. Bxd5 exd5 28. Kh2 Ne7 29. Qd3 Qc1 30. Qb5 Qc6 31. Qd3 h5 32.
f5 Qc7 33. Qd4 Nc6 34. Qxd5 Nxe5 35. g3 Ra3 36. Re2 Nf3+ 37. Kg2 Ne1+ 38.
Kf1 Qxg3 39. Rf2 Re3 40. Nd1 0-1

[Event "EuTCh"]
[Site "Leon ESP"]
[Date "2001.11.07"]
[Round "2"]
[White "Jobava,Ba"]
[Black "Banikas,H"]
[Result "1/2-1/2"]
[WhiteElo "2556"]
[BlackElo "2526"]
[EventDate "2001.11.06"]

1. c4 Nf6 2. d4 c5 3. d5 b5 4. cxb5 a6 5. b6 e6 6. Nc3 Nxd5 7. Nxd5 exd5 8.
Qxd5 Nc6 9. Nf3 Rb8 10. e4 Be7 11. Bc4 O-O 12. O-O Na5 13. Ne5 Bb7 14. Qd3
Nxc4 15. Qxc4 d6 16. Rd1 Qc8 17. Nd3 Ba8 18. Be3 Re8 19. b4 Bf8 20. bxc5
Rxe4 21. Qc2 Qc6 22. Ne1 dxc5 23. Rac1 Rxb6 24. Rd8 Re8 25. Rxe8 Qxe8 26.
Bxc5 Rc6 27. Nd3 h6 28. Qd2 Bxc5 29. Rxc5 Rxc5 30. Nxc5 Qc6 31. Qd8+ Kh7
32. Qd3+ g6 33. Qf3 Qxf3 34. gxf3 a5 35. Kg2 Bd5 36. a3 g5 37. Kg3 Kg6 38.
f4 Kf5 39. fxg5 hxg5 40. f3 Ke5 41. Nd7+ Ke6 42. Nc5+ Kd6 43. Nd3 Be6 44.
f4 f6 45. Nf2 Kd5 46. Ng4 Kc4 47. Nxf6 gxf4+ 1/2-1/2

[Event "EuTCh"]
[Site "Leon ESP"]
[Date "2001.11.07"]
[Round "2"]
[White "Halkias,S"]
[Black "Mchedlishvili,M"]
[Result "1/2-1/2"]
[WhiteElo "2519"]
[BlackElo "2518"]
[EventDate "2001.11.06"]

1. d4 Nf6 2. Nf3 e6 3. c4 b6 4. Nc3 Bb4 5. Bg5 Bb7 6. Qb3 Be7 7. e3 Ne4 8.
Nxe4 Bxe4 9. h4 a5 10. a3 h6 11. Bxe7 Qxe7 12. Bd3 a4 13. Qc3 Bxd3 14. Qxd3
d6 15. g4 Qf6 16. Ke2 Qg6 17. Qxg6 fxg6 18. Ne1 Nd7 19. Nd3 Kf7 20. Rh3 Nf6
21. Rg1 c5 22. Rf3 g5 23. e4 cxd4 24. e5 dxe5 25. Nxe5+ Ke8 26. Rd1 Ra5 27.
Ng6 Rg8 28. Rxd4 gxh4 29. Re3 h3 30. Kf1 h5 31. Rd6 1/2-1/2

[Event "EuTCh"]
[Site "Leon ESP"]
[Date "2001.11.07"]
[Round "2"]
[White "Ilincic,Z"]
[Black "Oral,T"]
[Result "1/2-1/2"]
[WhiteElo "2521"]
[BlackElo "2546"]
[EventDate "2001.11.06"]

1. d4 Nf6 2. c4 g6 3. g3 c6 4. Bg2 d5 5. cxd5 cxd5 6. Nc3 Bg7 7. Nf3 O-O 8.
Ne5 e6 9. O-O Nfd7 10. f4 Nc6 11. Be3 f6 12. Nf3 Nb6 13. Bf2 f5 14. Ne5 Bd7
15. Rc1 Qe7 16. Nb1 Rac8 17. Nd2 Nxe5 18. dxe5 Rxc1 19. Qxc1 Rc8 20. Qb1
Qb4 21. Nf3 Bf8 22. a3 Qe4 23. Nd4 Qxb1 24. Rxb1 Kf7 25. Kf1 Nc4 26. Ke1
Bc5 27. Bf3 Bb6 28. g4 Ba5+ 29. b4 Bb6 30. Rb3 a5 31. gxf5 gxf5 32. Bh5+
Kf8 33. Rh3 axb4 34. axb4 Ra8 35. Nb3 Bxf2+ 36. Kxf2 Ra3 37. Rg3 b6 38. Nd4
Ra4 39. Rb3 Nd2 40. Rb2 Nc4 41. Rb3 Nd2 1/2-1/2

[Event "EuTCh"]
[Site "Leon ESP"]
[Date "2001.11.07"]
[Round "2"]
[White "Navara,D"]
[Black "Ivanisevic,I"]
[Result "1/2-1/2"]
[WhiteElo "2499"]
[BlackElo "2547"]
[EventDate "2001.11.06"]

1. e4 c5 2. Nf3 Nc6 3. d4 cxd4 4. Nxd4 g6 5. c4 Bg7 6. Be3 Nf6 7. Nc3 O-O
8. Be2 b6 9. O-O Bb7 10. Nxc6 Bxc6 11. f3 Nh5 12. Qd2 f5 13. exf5 gxf5 14.
f4 Nf6 15. Bd4 Rc8 16. Bf3 e6 17. b3 Rf7 18. Rad1 Ng4 19. Bxg4 fxg4 20.
Bxg7 Kxg7 21. Ne4 Bxe4 22. Qd4+ Qf6 23. Qxe4 Rc5 24. Qd4 Rf5 25. Qxf6+ Kxf6
26. Rd6 Ke7 27. Rfd1 Ke8 28. g3 h5 29. Re1 Ke7 30. Rd5 Rxd5 31. cxd5 Rf5
32. dxe6 dxe6 33. Kf2 e5 34. Rxe5+ Rxe5 35. fxe5 Ke6 1/2-1/2

[Event "EuTCh"]
[Site "Leon ESP"]
[Date "2001.11.07"]
[Round "2"]
[White "Kovacevic,A"]
[Black "Votava,J"]
[Result "1-0"]
[WhiteElo "2553"]
[BlackElo "2503"]
[EventDate "2001.11.06"]

1. e4 c5 2. Nf3 e6 3. d4 cxd4 4. Nxd4 a6 5. c4 Nf6 6. Nc3 Bb4 7. Qc2 Qc7 8.
a3 Bxc3+ 9. Qxc3 b6 10. f3 Bb7 11. Be2 d6 12. O-O Nbd7 13. Be3 O-O 14. Rfc1
Rac8 15. Qd2 Ne5 16. a4 Qe7 17. a5 bxa5 18. Nb3 Rfd8 19. Nxa5 Ba8 20. Bd4
Rb8 21. Qe3 Ned7 22. Rab1 h6 23. b4 Ne8 24. Ba7 Rbc8 25. c5 dxc5 26. bxc5
Nb8 27. Bb6 Nc7 28. c6 Re8 29. Bc5 Qh4 30. Bd6 e5 31. Rxb8 Rxb8 32. Bxc7
Rb2 33. Nc4 Ra2 34. Nd6 Rf8 35. Bc4 Rb2 36. Nxf7 Rxf7 37. Bxe5 Rb4 38.
Bxf7+ Kxf7 39. Qa7+ Ke6 40. Qxa8 Kxe5 41. c7 1-0

[Event "EuTCh"]
[Site "Leon ESP"]
[Date "2001.11.07"]
[Round "2"]
[White "Vokac,M"]
[Black "Vuckovic,Bo"]
[Result "0-1"]
[WhiteElo "2529"]
[BlackElo "2466"]
[EventDate "2001.11.06"]

1. d4 Nf6 2. c4 c5 3. d5 b5 4. f3 bxc4 5. e4 d6 6. Na3 c3 7. bxc3 g6 8.
Bb5+ Nbd7 9. Ne2 Bg7 10. Nc4 O-O 11. a4 Nb6 12. Ne3 Rb8 13. Bd2 e6 14. dxe6
Bxe6 15. c4 Nfd7 16. a5 Bxa1 17. Qxa1 Na8 18. O-O Nc7 19. Bxd7 Qxd7 20. f4
f5 21. Ng3 fxe4 22. Nxe4 Qe7 23. Bc3 Bd7 24. Bh8 Ne8 25. Be5 dxe5 26. Nd5
Qg7 27. Nxc5 Rc8 28. Nxd7 Qxd7 29. Qxe5 Rxc4 30. f5 Qg7 31. f6 Qf7 32. Ne3
Rh4 33. Qg3 Rh5 34. Ng4 Qe6 35. Re1 Qd5 36. Qf4 Qf5 37. Qc4+ Kh8 38. f7 Ng7
39. Ne5 Qc8 40. Qxc8 Rxc8 41. g4 Rh4 42. Kg2 Ne6 43. Kg3 g5 44. Nf3 Rh6 45.
Nxg5 Nf8 46. Re7 Rc3+ 47. Kf4 Ra6 48. Ne4 Rc4 49. h4 Rxa5 50. g5 Ng6+ 51.
Ke3 Kg7 52. Re8 Ra3+ 53. Ke2 Rc2+ 54. Kd1 Rh2 0-1

[Event "EuTCh"]
[Site "Leon ESP"]
[Date "2001.11.07"]
[Round "2"]
[White "Piket,Je"]
[Black "Cobb,J"]
[Result "1-0"]
[WhiteElo "2649"]
[BlackElo "2335"]
[EventDate "2001.11.06"]

1. d4 d5 2. c4 e6 3. Nc3 Be7 4. Nf3 Nf6 5. Bg5 h6 6. Bh4 O-O 7. e3 b6 8.
cxd5 Nxd5 9. Bxe7 Qxe7 10. Nxd5 exd5 11. Rc1 Be6 12. Qa4 c5 13. dxc5 bxc5
14. Qa3 Rc8 15. Nd4 Qb7 16. Nxe6 fxe6 17. Be2 Qb6 18. O-O Nd7 19. Rc2 Rc7
20. Rfc1 a5 21. e4 d4 22. Qg3 Nf6 23. Bc4 Kh8 24. Bd3 Rac8 25. e5 Nd7 26.
h3 a4 27. Qg6 Nf8 28. Qe4 Kg8 29. Kh2 Qb4 30. a3 Qb6 31. f4 Rb8 32. Rc4 Qb3
33. R1c2 Qa2 34. b4 Qxa3 35. Rxc5 Rd7 36. b5 Qb3 37. f5 Kh8 38. Rc8 Rd8 39.
Rxb8 Rxb8 40. f6 g6 41. Qh4 1-0

[Event "EuTCh"]
[Site "Leon ESP"]
[Date "2001.11.07"]
[Round "2"]
[White "Zeidler,S"]
[Black "Tiviakov,S"]
[Result "0-1"]
[WhiteElo "2296"]
[BlackElo "2599"]
[EventDate "2001.11.06"]

1. e4 c5 2. Nc3 g6 3. f4 Bg7 4. Nf3 Nc6 5. Bb5 Nd4 6. O-O a6 7. Bd3 d6 8.
Nxd4 cxd4 9. Ne2 Nf6 10. b4 Qb6 11. Rb1 O-O 12. Kh1 Bd7 13. Bb2 e5 14. Qe1
Bb5 15. Bxb5 axb5 16. a3 Qc6 17. c3 d3 18. Ng3 exf4 19. Rxf4 Nd7 20. Nf1
Rae8 21. Qh4 Ne5 22. Ne3 f6 23. Qg3 Nc4 24. Nxc4 bxc4 25. Re1 Bh6 26. Rg4
Bxd2 0-1

[Event "EuTCh"]
[Site "Leon ESP"]
[Date "2001.11.07"]
[Round "2"]
[White "Van den Doel,E"]
[Black "May,F"]
[Result "1-0"]
[WhiteElo "2583"]
[BlackElo "2174"]
[EventDate "2001.11.06"]

1. e4 e6 2. d4 d5 3. Nc3 Nf6 4. Bg5 Bb4 5. e5 h6 6. Bd2 Bxc3 7. bxc3 Ne4 8.
Qg4 g6 9. Bd3 Nxd2 10. Kxd2 c5 11. h4 Nc6 12. Bb5 cxd4 13. Qxd4 Bd7 14.
Bxc6 Bxc6 15. Nf3 Qe7 16. Nh2 O-O-O 17. Nf3 Kb8 18. Rhb1 Rc8 19. Qb4 Qxb4
20. Rxb4 Rc7 21. Nd4 Rd8 22. Rh1 Be8 23. h5 g5 24. Rh3 Bc6 25. Rf3 Kc8 26.
Rf6 Rh8 27. Rb1 Be8 28. g3 Rc4 29. Rb4 Rxb4 30. cxb4 Kd8 31. a4 Ke7 32. Nb5
Bxb5 33. axb5 Kf8 34. Rf3 Ke7 35. Ra3 Ra8 36. Kd3 b6 37. Ke3 Kd7 38. f4
gxf4+ 39. Kxf4 Ke7 40. g4 f6 41. Ra1 Kf7 42. Ra2 Ke7 43. Ra3 Kf7 44. Ra6
Ke7 45. Ra4 Kf7 46. Ra3 Ke7 47. Rc3 fxe5+ 48. Kxe5 Kd7 49. Ra3 Ke7 50. Ra1
Kd7 51. g5 hxg5 52. h6 a5 53. bxa6 Ke7 54. a7 Kf7 55. h7 Kg7 56. Kxe6 d4
57. h8=Q+ Kxh8 58. Kf7 1-0

[Event "EuTCh"]
[Site "Leon ESP"]
[Date "2001.11.07"]
[Round "2"]
[White "Varley,P"]
[Black "Nijboer,F"]
[Result "1/2-1/2"]
[WhiteElo "2197"]
[BlackElo "2565"]
[EventDate "2001.11.06"]

1. e4 c5 2. c3 Nf6 3. e5 Nd5 4. d4 cxd4 5. cxd4 d6 6. Nf3 Nc6 7. Bc4 Nb6 8.
Bb5 e6 9. Bg5 Be7 10. Bxe7 Qxe7 11. O-O Bd7 12. Nc3 O-O 13. Rc1 Rfd8 14.
Qe2 dxe5 15. dxe5 Nb4 16. Rfd1 Bxb5 17. Nxb5 Nc6 18. h4 h6 19. Qe4 Rxd1+
20. Rxd1 Rd8 21. Rxd8+ Qxd8 22. Nd6 Qd7 23. Nd4 Nxd4 24. Qxd4 Qc6 25. Qf4
Qc7 26. Qg3 Nd5 27. Ne8 Qc1+ 28. Kh2 g6 29. Nf6+ Nxf6 30. exf6 Qxb2 31.
Qb8+ Kh7 32. Qd8 Qxf2 33. Qe7 Qxh4+ 34. Kg1 Qe1+ 35. Kh2 Qh4+ 36. Kg1 Qe1+
37. Kh2 Qe5+ 38. Kg1 Qe3+ 39. Kh1 Qc1+ 40. Kh2 Qf4+ 41. Kh1 Qh4+ 1/2-1/2

[Event "EuTCh"]
[Site "Leon ESP"]
[Date "2001.11.07"]
[Round "2"]
[White "Gelfand,B"]
[Black "Ftacnik,L"]
[Result "1/2-1/2"]
[WhiteElo "2701"]
[BlackElo "2566"]
[EventDate "2001.11.06"]

1. e4 c5 2. Nf3 d6 3. d4 Nf6 4. Nc3 cxd4 5. Nxd4 a6 6. Be3 e5 7. Nb3 Be6 8.
f3 Be7 9. Qd2 O-O 10. O-O-O Qc7 11. g4 Rc8 12. g5 Nh5 13. Kb1 Nd7 14. Nd5
Bxd5 15. exd5 Nb6 16. Rg1 Nc4 17. Bxc4 Qxc4 18. Rg4 Qc7 19. Qd3 g6 20. Nd2
b5 21. Rdg1 Rf8 22. Ne4 f5 23. gxf6 Bxf6 24. f4 Nxf4 25. Bxf4 exf4 26. Rxf4
Be5 27. Rxf8+ 1/2-1/2

[Event "EuTCh"]
[Site "Leon ESP"]
[Date "2001.11.07"]
[Round "2"]
[White "Avrukh,B"]
[Black "Timoscenko,G"]
[Result "1-0"]
[WhiteElo "2606"]
[BlackElo "2519"]
[EventDate "2001.11.06"]

1. d4 d5 2. c4 e6 3. Nc3 Be7 4. Nf3 Nf6 5. Qc2 O-O 6. Bg5 Ne4 7. Bxe7 Qxe7
8. e3 Nxc3 9. bxc3 c5 10. Bd3 h6 11. O-O Nc6 12. e4 dxc4 13. Bxc4 b6 14.
Rad1 Na5 15. Bd3 Bb7 16. Qe2 Rfd8 17. Rfe1 Rac8 18. Bb1 cxd4 19. cxd4 Rc3
20. Qd2 Rcc8 21. h4 Nc4 22. Qe2 Qa3 23. Rc1 Nd6 24. Rcd1 Nc4 25. d5 Qb2 26.
Qd3 Ne5 27. Nxe5 Qxe5 28. Qa3 exd5 29. exd5 Qf6 30. d6 Qxh4 31. d7 Qg5 32.
Qh3 Rb8 33. Qh2 g6 34. Rd6 Kg7 35. Qh3 h5 36. Red1 Qg4 37. Qc3+ Kh6 38. f3
Qg5 39. R1d4 b5 40. Qb2 Bxf3 41. Rd2 Rb6 42. Rxb6 axb6 43. Rf2 Bd5 44. Re2
Be6 45. Re5 Qf4 46. Re4 Qd6 47. Qf6 Qxd7 48. Rxe6 Qxe6 49. Qxd8 Qe1+ 50.
Kh2 Qxb1 51. Qf8+ Kg5 52. Qxf7 Qf5 53. Qe7+ Qf6 54. Qe8 Kf5 55. Qc8+ Qe6
56. Qc2+ Kf6 57. Qd2 Qe5+ 58. Kh1 Ke7 59. Qc2 Kf7 60. Qf2+ Qf6 61. Qd2 Qa1+
62. Kh2 Qe5+ 63. Kh1 Kg7 64. Qd7+ Kh6 65. Qd2+ Qg5 66. Qd4 Qc1+ 67. Kh2
Qc7+ 68. Kh1 Kh7 69. Qd2 Qe7 70. Qd4 Qe1+ 71. Kh2 Qe6 72. Qd2 Qe5+ 73. Kh1
Qf6 74. Qd7+ Kh6 75. Qxb5 g5 76. Qe2 h4 77. Qc4 Qa1+ 78. Kh2 Qe5+ 79. Kh1
b5 80. Qc6+ Kh5 81. Qd7 g4 82. Qd1 Kg5 83. Qd2+ Kf5 84. Qd3+ Kf6 85. Qd8+
Qe7 86. Qd4+ Kf5 87. Qd3+ Kf4 88. Qf1+ Kg3 89. Qd3+ Kf2 90. Qd2+ Kg3 91.
Qd3+ Kf2 92. Qd2+ Qe2 93. Qf4+ Ke1 94. Kh2 h3 95. Qc1+ Kf2 96. Qg1+ 1-0

[Event "EuTCh"]
[Site "Leon ESP"]
[Date "2001.11.07"]
[Round "2"]
[White "Markos,J"]
[Black "Greenfeld,A"]
[Result "1-0"]
[WhiteElo "2435"]
[BlackElo "2581"]
[EventDate "2001.11.06"]

1. d4 Nf6 2. c4 g6 3. Nc3 d5 4. Nf3 Bg7 5. cxd5 Nxd5 6. e4 Nxc3 7. bxc3 c5
8. Rb1 O-O 9. Be2 b6 10. O-O Bb7 11. Qd3 Ba6 12. Qe3 Qd7 13. dxc5 Bxe2 14.
Qxe2 bxc5 15. Qc4 Qc6 16. e5 Nd7 17. Re1 e6 18. Bg5 Rfb8 19. Rbd1 Nb6 20.
Qe2 Qa4 21. Rd6 Nd5 22. c4 Nc3 23. Qd3 Nxa2 24. Rd1 Nb4 25. Qe4 Nd5 26. Qd3
Nb6 27. h4 Nxc4 28. Qe4 Qb5 29. Rd7 Nb6 30. Rb7 h6 31. Bf6 Qa4 32. Qxa4
Nxa4 33. Rc7 Bxf6 34. exf6 Nc3 35. Rdd7 Nd5 36. Rxf7 Nxc7 37. Rg7+ Kf8 38.
Ne5 1-0

[Event "EuTCh"]
[Site "Leon ESP"]
[Date "2001.11.07"]
[Round "2"]
[White "Stefansson,H"]
[Black "Shaw,J"]
[Result "1-0"]
[WhiteElo "2575"]
[BlackElo "2499"]
[EventDate "2001.11.06"]

1. d4 d5 2. c4 c6 3. Nc3 Nf6 4. Nf3 dxc4 5. a4 Bf5 6. e3 e6 7. Bxc4 Bb4 8.
O-O O-O 9. Nh4 Nbd7 10. Nxf5 exf5 11. Qc2 Nb6 12. Be2 Qd7 13. a5 Nbd5 14.
Bd2 Rfe8 15. a6 b6 16. Nxd5 Nxd5 17. Bxb4 Nxb4 18. Qb3 Qd6 19. Bf3 Rac8 20.
Rfc1 g6 21. Rc4 c5 22. Bb7 b5 23. Rc3 c4 24. Qa3 Rc7 25. Qa5 Nd3 26. Qxb5
Rce7 27. Qxc4 Nxf2 28. Kxf2 Qxh2 29. Qe2 Qh4+ 30. Kg1 Rxe3 31. Rxe3 Qxd4
32. Ra4 Qxe3+ 33. Qxe3 Rxe3 34. Rc4 1-0

[Event "EuTCh"]
[Site "Leon ESP"]
[Date "2001.11.07"]
[Round "2"]
[White "Bryson,D"]
[Black "Gunnarsson,J"]
[Result "1/2-1/2"]
[WhiteElo "2384"]
[BlackElo "2386"]
[EventDate "2001.11.06"]

1. e4 e6 2. d4 d5 3. Nc3 Nf6 4. Bg5 Bb4 5. e5 h6 6. Bd2 Bxc3 7. bxc3 Ne4 8.
Qg4 g6 9. Bd3 Nxd2 10. Kxd2 c5 11. h4 Bd7 12. h5 g5 13. f4 Nc6 14. fxg5
Qxg5+ 15. Qxg5 hxg5 16. Ke3 Ke7 17. Rf1 Rh6 18. g4 c4 19. Be2 Rg8 20. Nh3
Nb8 21. Rf2 Ba4 22. Rhf1 Rh7 23. Bd1 Be8 24. Be2 Nd7 25. Ng1 Rh6 26. Rb1 b6
27. Rbf1 a5 28. Rb1 Kd8 29. Rbf1 Rg7 30. Bf3 Kc7 31. Bg2 Kc6 32. Nf3 b5 33.
a3 Nb6 34. Ne1 Kd7 35. Kd2 Ke7 36. Ke3 Bc6 37. Nf3 Nd7 38. Nd2 Rhh7 39. Bh1
Rg8 40. Rb1 Nb6 41. Nf3 Bd7 1/2-1/2

[Event "EuTCh"]
[Site "Leon ESP"]
[Date "2001.11.07"]
[Round "2"]
[White "Berry,N"]
[Black "Kristjansson,S"]
[Result "0-1"]
[WhiteElo "2255"]
[BlackElo "2374"]
[EventDate "2001.11.06"]

1. d4 Nf6 2. c4 e6 3. Nc3 Bb4 4. Qc2 O-O 5. a3 Bxc3+ 6. Qxc3 b5 7. cxb5 c6
8. bxc6 Nxc6 9. e3 Bb7 10. b4 Ne7 11. Qb2 Rc8 12. f3 Nfd5 13. e4 Nb6 14.
Bd3 f5 15. Bg5 Qe8 16. Ne2 fxe4 17. fxe4 Ng6 18. Rf1 h6 19. Be3 Qe7 20.
Rxf8+ Rxf8 21. Rc1 Qh4+ 22. g3 Qxh2 23. Kd2 Qg2 24. Qb1 Nc8 25. Rc7 Nd6 26.
e5 Ne4+ 27. Bxe4 Bxe4 28. Qg1 Qf3 29. Rxd7 Rc8 30. Nc3 Bf5 31. b5 h5 32.
Qf2 Qh1 33. Qg1 Qa8 34. a4 Rxc3 35. Rxa7 Rc2+ 0-1

[Event "EuTCh"]
[Site "Leon ESP"]
[Date "2001.11.07"]
[Round "2"]
[White "Brady,S"]
[Black "Illescas Cordoba,M"]
[Result "0-1"]
[WhiteElo "2333"]
[BlackElo "2577"]
[EventDate "2001.11.06"]

1. e4 e5 2. Nf3 Nc6 3. d4 exd4 4. Nxd4 Bc5 5. Nxc6 Qf6 6. Qd2 dxc6 7. Nc3
Qe7 8. Qg5 Nf6 9. Be3 Bb4 10. Bd3 h6 11. Qxg7 Rg8 12. Qxh6 Ng4 13. Qh5 Nxe3
14. fxe3 Bg4 15. Qh6 O-O-O 16. O-O Rg6 17. Qf4 Bd6 18. Qxf7 Qe5 19. Rf4
Rdg8 20. Qh7 Bc5 21. Kh1 Bxe3 22. Rf8+ Rxf8 23. Qxg6 Be6 24. Rf1 Rh8 25. g3
Bd4 26. Ne2 Rxh2+ 0-1

[Event "EuTCh"]
[Site "Leon ESP"]
[Date "2001.11.07"]
[Round "2"]
[White "San Segundo Carrillo,P"]
[Black "O'Cinneide,M"]
[Result "1-0"]
[WhiteElo "2528"]
[BlackElo "2249"]
[EventDate "2001.11.06"]

1. d4 Nf6 2. c4 e6 3. Nf3 Bb4+ 4. Bd2 a5 5. g3 d5 6. Bg2 dxc4 7. Qc2 Nc6 8.
Qxc4 Qd5 9. Qd3 Qe4 10. Qxe4 Nxe4 11. a3 Nxd2 12. Nbxd2 Bxd2+ 13. Kxd2 a4
14. Rac1 Ke7 15. e3 Bd7 16. Rc3 Ra6 17. Ne1 Rb6 18. Nd3 Rc8 19. Rc5 f6 20.
Rhc1 Kd6 21. R1c2 Be8 22. R2c4 Nb8 23. Ra5 Bb5 24. Rb4 Bc6 25. Bxc6 Nxc6
26. Rxb6 cxb6 27. Rb5 Kc7 28. Nf4 Re8 29. d5 Nd8 30. Rb4 exd5 31. Nxd5+ Kc6
32. Nxb6 1-0

[Event "EuTCh"]
[Site "Leon ESP"]
[Date "2001.11.07"]
[Round "2"]
[White "Kengis,E"]
[Black "Bogdanovski,V"]
[Result "1-0"]
[WhiteElo "2561"]
[BlackElo "2430"]
[EventDate "2001.11.06"]

1. Nf3 Nf6 2. g3 d5 3. Bg2 c6 4. O-O Bg4 5. d4 Nbd7 6. Nbd2 e6 7. Re1 Be7
8. e4 dxe4 9. Nxe4 Nxe4 10. Rxe4 Nf6 11. Re1 O-O 12. c3 a5 13. a4 Qb6 14.
h3 Bxf3 15. Bxf3 Rfd8 16. Qc2 Rd7 17. Kg2 Rad8 18. Re2 h6 19. Bd2 c5 20.
dxc5 Bxc5 21. b4 Be7 22. Rb1 axb4 23. cxb4 Nd5 24. b5 Rc7 25. Qb3 Qd4 26.
b6 Rcc8 27. Be1 Bf6 28. Re4 Qc5 29. a5 Bc3 30. Rc1 Qxa5 31. Ra4 Bxe1 32.
Rxc8 Rxc8 33. Rxa5 Bxa5 34. Bxd5 exd5 35. Qxd5 1-0

[Event "EuTCh"]
[Site "Leon ESP"]
[Date "2001.11.07"]
[Round "2"]
[White "Mitkov,N"]
[Black "Miezis,N"]
[Result "1/2-1/2"]
[WhiteElo "2514"]
[BlackElo "2501"]
[EventDate "2001.11.06"]

1. e4 c5 2. Nf3 e6 3. d4 cxd4 4. Nxd4 a6 5. Nc3 Qc7 6. Bd3 Nc6 7. Be3 Nf6
8. O-O Nxd4 9. Bxd4 Bc5 10. Bxc5 Qxc5 11. Kh1 b5 12. f4 Bb7 13. a3 d5 14.
e5 d4 15. Nxb5 axb5 16. exf6 gxf6 17. Qe2 Ke7 18. Rad1 Rab8 19. Rd2 h5 20.
Be4 Bxe4 21. Qxe4 Rhd8 22. Rfd1 Rbc8 23. h3 Qd5 24. Qe2 Qf5 25. Qf2 Rd5 26.
Rxd4 Rxc2 27. Rxd5 Rxf2 28. Rxf5 exf5 29. b4 Ke6 30. Rd4 Ra2 31. Rd3 Rf2
32. Rd8 Rxf4 33. Rb8 Rf1+ 34. Kh2 Ra1 35. Kg3 Ke5 36. Rxb5+ Ke4 37. Rb6
Rxa3+ 38. Kh4 f4 39. Rxf6 Ra2 40. Kxh5 Rxg2 41. b5 Rb2 42. Rxf7 Kf3 43. Rf5
Kg3 44. h4 f3 45. Kg6 f2 46. h5 Rxb5 47. Rxf2 Kxf2 48. h6 Rb6+ 49. Kg7 Rxh6
1/2-1/2

[Event "EuTCh"]
[Site "Leon ESP"]
[Date "2001.11.07"]
[Round "2"]
[White "Krakops,M"]
[Black "Nedev,T"]
[Result "1/2-1/2"]
[WhiteElo "2518"]
[BlackElo "2514"]
[EventDate "2001.11.06"]

1. e4 c5 2. Nf3 Nc6 3. Bb5 e6 4. O-O Nge7 5. Re1 Ng6 6. c3 Be7 7. d4 cxd4
8. Nxd4 O-O 9. Be3 a6 10. Bf1 Qc7 11. Nd2 d6 12. a4 e5 13. Nf5 d5 14. Nxe7+
Ncxe7 15. a5 Be6 16. Bd3 f5 17. exf5 Nxf5 18. Bb6 Qf7 19. Bf1 Nfh4 20. f3
Rac8 21. Ra4 Qf6 22. Bf2 Qg5 23. Bg3 Bd7 24. Rxh4 Nxh4 25. Rxe5 Nf5 26.
Rxd5 Bc6 27. Ne4 Qg6 28. Rxf5 Rxf5 29. Nd6 Rd8 30. Nxf5 Rxd1 31. Ne7+ Kf7
32. Nxg6 Kxg6 33. Kf2 Rd2+ 34. Ke3 Rxb2 35. Bc7 Bb5 36. c4 Bc6 37. Bd3+ Kf6
38. g4 Rb3 39. f4 h6 40. h4 g6 41. g5+ hxg5 42. hxg5+ Kf7 1/2-1/2